[Event "NOR-chB"]
[Site "Oslo"]
[Date "2023.07.06"]
[Round "7"]
[White "Bjarnason, Snorri Vikanes"]
[Black "Hellesoy, David"]
[Result "0-1"]
[WhiteElo "1657"]
[BlackElo "1605"]
[PlyCount "92"]
[EventDate "2023.06.30"]
[EventType "swiss"]
[EventRounds "9"]
[EventCountry "NOR"]
[SourceTitle "EXT 2024"]
[Source "ChessBase"]
[SourceDate "2023.10.10"]
[SourceVersion "1"]
[SourceVersionDate "2023.10.10"]
[SourceQuality "1"]

1. Nf3 Nf6 2. c4 b6 3. g3 Bb7 4. Bg2 e6 5. Nc3 Bb4 6. 0-0 0-0 7. d4 Bxc3 8. bxc3 Ne4 9. Qc2 d5 10. cxd5 exd5 11. Nd2 Nd6 12. Ba3 Re8 13. Bxd6 Qxd6 14. e4 dxe4 15. Nxe4 Bxe4 16. Bxe4 c6 17. Bxh7+ Kh8 18. Be4 Nd7 19. Rfe1 Re6 20. Bf3 Rh6 21. Qe4 Re6 22. Qh4+ Kg8 23. Rxe6 Qxe6 24. Bg4 Qe8 25. Bf5 Nf6 26. Qh3 Qe2 27. Qf1 Re8 28. a4 Qb2 29. Rc1 Re2 30. Re1 Rd2 31. g4 g6 32. g5 Nh5 33. Bg4 Qxc3 34. Re4 Rxd4 35. Qe2 Qa1+ 36. Kg2 Nf4+ 37. Rxf4 Rxf4 38. Bf3 c5 39. h4 Qd4 40. h5 Qd8 41. hxg6 Qxg5+ 42. Kf1 Qxg6 43. Qe3 Rb4 44. Bb7 Rb1+ 45. Ke2 Qc2+ 46. Kf3 Rb3 0-1

[Event "NOR-chB"]
[Site "Oslo"]
[Date "2023.07.02"]
[Round "2"]
[White "Hjortas, Olav"]
[Black "Bjarnason, Snorri Vikanes"]
[Result "0-1"]
[WhiteElo "1705"]
[BlackElo "1657"]
[PlyCount "50"]
[EventDate "2023.06.30"]
[EventType "swiss"]
[EventRounds "9"]
[EventCountry "NOR"]
[SourceTitle "EXT 2024"]
[Source "ChessBase"]
[SourceDate "2023.10.10"]
[SourceVersion "1"]
[SourceVersionDate "2023.10.10"]
[SourceQuality "1"]

1. d4 d5 2. Bg5 f6 3. Bh4 h5 4. h3 Nh6 5. Bg3 Nf5 6. Bh2 c5 7. dxc5 Qa5+ 8. Qd2 Qxc5 9. e4 dxe4 10. Bf4 e5 11. Be3 Nxe3 12. fxe3 Be6 13. Nc3 Nc6 14. Nxe4 Qb6 15. 0-0-0 Rd8 16. Qc3 Rxd1+ 17. Kxd1 Bb4 18. Qd3 0-0 19. Kc1 Rd8 20. Qe2 Qa5 21. Qxh5 Qxa2 22. Nxf6+ gxf6 23. Qg6+ Kf8 24. Qxf6+ Bf7 25. Qh6+ Ke8 0-1

[Event "Reykjavik op"]
[Site "Reykjavik"]
[Date "2023.04.04"]
[Round "9"]
[White "Rice, Christopher"]
[Black "Bjarnason, Snorri Vikanes"]
[Result "1/2-1/2"]
[WhiteElo "1952"]
[BlackElo "1676"]
[PlyCount "89"]
[EventDate "2023.03.29"]
[EventType "swiss"]
[EventRounds "9"]
[EventCountry "ISL"]
[SourceTitle "EXT 2024"]
[Source "ChessBase"]
[SourceDate "2023.10.10"]
[SourceVersion "1"]
[SourceVersionDate "2023.10.10"]
[SourceQuality "1"]

1. d4 d5 2. Nf3 Nf6 3. c4 c6 4. cxd5 cxd5 5. Nc3 Nc6 6. Bf4 a6 7. e3 Bg4 8. Be2 e6 9. h3 Bh5 10. 0-0 Bd6 11. Bxd6 Qxd6 12. Rc1 0-0 13. Nd2 Bxe2 14. Qxe2 e5 15. dxe5 Nxe5 16. Rfd1 Rac8 17. Nf3 Rfd8 18. Rc2 Nc6 19. Rcd2 Ne7 20. e4 Qc5 21. exd5 Nexd5 22. Nxd5 Rxd5 23. Rxd5 Nxd5 24. Qe5 Rd8 25. Ng5 h6 26. Ne4 Qa5 27. Nc3 Nxc3 28. Qxa5 Rxd1+ 29. Kh2 Nb5 30. a4 Nd6 31. Qd8+ Kh7 32. Qd7 Rd4 33. g3 Rd5 34. Kg2 Rd1 35. Kf3 Rd2 36. g4 g6 37. b3 Kg7 38. Qc7 Kh7 39. Ke3 Rd5 40. h4 h5 41. f3 Kg7 42. Ke2 Kf6 43. Qc3+ Ke6 44. g5 Kd7 45. b4 1/2-1/2

[Event "Kragero op"]
[Site "Kragero"]
[Date "2022.02.27"]
[Round "9"]
[White "Bjarnason, Snorri Vikanes"]
[Black "Haug, Havard"]
[Result "1/2-1/2"]
[WhiteElo "1606"]
[BlackElo "1801"]
[PlyCount "94"]
[EventDate "2022.02.23"]
[EventType "swiss"]
[EventRounds "9"]
[EventCountry "NOR"]
[SourceTitle "EXT 2023"]
[Source "ChessBase"]
[SourceDate "2022.10.05"]
[SourceVersion "1"]
[SourceVersionDate "2022.10.05"]
[SourceQuality "1"]

1. e4 c5 2. Nf3 d6 3. d4 cxd4 4. Nxd4 Nf6 5. Nc3 g6 6. f4 Nc6 7. Be2 Nxd4 8. Qxd4 Bg7 9. Qd3 0-0 10. Be3 Bg4 11. Rd1 Qa5 12. 0-0 Rac8 13. Bd4 e5 14. Be3 Bxe2 15. Qxe2 exf4 16. Bd4 Rfe8 17. Qf3 Nh5 18. Bxg7 Kxg7 19. Kh1 Qe5 20. Rd5 Qe6 21. Rxh5 gxh5 22. Qxh5 Qg6 23. Qh4 Re5 24. Qxf4 b5 25. Rf3 Rg5 26. Qd2 Re8 27. Qd4+ Ree5 28. g3 a5 29. a3 h5 30. Rf4 Rg4 31. Rxg4 hxg4 32. Kg1 Kh7 33. Nd5 f5 34. Nf4 Qg7 35. Qxd6 Rxe4 36. Kf1 Qf7 37. b3 a4 38. Nd5 Kg7 39. Nc3 axb3 40. cxb3 Re6 41. Qd3 Rf6 42. Qxb5 f4 43. Qg5+ Kf8 44. Nd5 Rd6 45. Nxf4 Qxb3 46. Ng6+ Rxg6 47. Qxg6 Qd1+ 1/2-1/2

[Event "Kragero op"]
[Site "Kragero"]
[Date "2022.02.23"]
[Round "2"]
[White "Bjarnason, Snorri Vikanes"]
[Black "Hammari, Vinjar"]
[Result "1-0"]
[WhiteElo "1606"]
[BlackElo "1775"]
[PlyCount "89"]
[EventDate "2022.02.23"]
[EventType "swiss"]
[EventRounds "9"]
[EventCountry "NOR"]
[SourceTitle "EXT 2023"]
[Source "ChessBase"]
[SourceDate "2022.10.05"]
[SourceVersion "1"]
[SourceVersionDate "2022.10.05"]
[SourceQuality "1"]

1. e4 e6 2. d4 d5 3. e5 c5 4. c3 Qb6 5. Nf3 Nc6 6. Be2 cxd4 7. cxd4 Nh6 8. Bxh6 Qxb2 9. Nbd2 gxh6 10. 0-0 Bg7 11. Qa4 Qb4 12. Qc2 Nxd4 13. Nxd4 Qxd4 14. Bb5+ Bd7 15. Nf3 Qb6 16. Bxd7+ Kxd7 17. Rab1 Qc7 18. Qa4+ Ke7 19. Rfc1 Qb8 20. Qb4+ Kd8 21. Qxb7 Qxb7 22. Rxb7 Rc8 23. Rxc8+ Kxc8 24. Rxf7 Bf8 25. Rxa7 Kb8 26. Rf7 Bb4 27. g3 Rd8 28. Nd4 Rc8 29. Rxh7 Bc3 30. Nxe6 Re8 31. Nc5 d4 32. Rxh6 Kc7 33. Nd3 Ra8 34. Rh7+ Kc6 35. e6 Rxa2 36. e7 Kd7 37. Ne5+ Ke8 38. Nc6 d3 39. Rh6 Ra6 40. Rd6 Rxc6 41. Rxc6 d2 42. Rd6 Kxe7 43. Rd3 Ke6 44. Kf1 Ke5 45. f3 1-0